000 00457nam a2200181Ia 4500
003 OSt
005 20231012122536.0
008 231012b ||||| |||| 00| 0 eng d
020 _a9780898716481
040 _cAL
041 _aeng
082 _223
_a519.3
_bARNP
100 _aBarry C Arnold
_9137686
245 _aFirst course in order statistics
260 _aPhiladelphia
_bSiam
_c2008
650 _2Mathematics
_aStatistics
_9137687
942 _2ddc
_cBK
999 _c167631
_d167631